00903nam a22002537a 45000010005000000030006000050050017000110080041000280200018000690400029000870500013001160820012001291000021001412450058001622600043002203000044002634900028003075050008003355200121003435210020004645210020004846500070005046500075005745191FISKH20250422162423.0241118b cb ||||| |||| 00| 0 eng d a9780516466934 aFISKHbengcFISKHdFISKH aE221.S74 a973.313 aStein, R. Conrad aThe Declaration of Independence /cby R. Conrad Stein aChicago : bChilidrens Press ;c1995 . a30 pages : billustrations ; c25 cm .  aCornerstones of Freedom aZ  aDiscusses the people responsible for the Declaration of Independence and what went into the writing of the document.8 a920 bLexile 8 aZ bRaz-Plus  aUnited States. Declaration of Independence vJuvenile Literature  aUnited States - Politic and government-1775-1783vJuvenile Literature